00435nam a2200157 4500003000400000008004100004020001800045100001900063245008200082250001700164260003800181300001700219650001200236942001200248999001700260OSt240702b |||||||| |||| 00| 0 eng d a9780070248618 aPRAHALAD, C.K. aThe New Age of Innovation: bDriving Co-created Value Through Global Networks a2ndbReprint aNew DelhibTata McGraw Hillc2008 aviii, 278 p. aGeneral 2ddccBK c12731d12731